| 000 | 00963nam a2200241 i 4500 | ||
|---|---|---|---|
| 001 | 179672 | ||
| 003 | ES-MaACL | ||
| 005 | 20250622051330.0 | ||
| 008 | 120102s1997 sp acf |||| |dspa d | ||
| 080 | _a75Grupo Cuadro(083.824) | ||
| 245 | 0 | 0 |
_aGrupo Cuadro _b: [exposición] : Victoria Caballero Guill, Petra Portillo, Antonio Ruiz Ayuso, Luis Ledo, Juan Carlos Núñez Crespo / _c[textos, Ana Gómez Acero]. |
| 246 | 3 | 4 |
_aGrupo Cuadro _b: pinturas : Sala Sta. Catalina |
| 260 |
_aMadrid : _bAteneo de Madrid, _c1997. |
||
| 300 |
_a[24] p. : _bprincipalmente il. col. ; _c30 cm. |
||
| 610 | 0 | 4 |
_aAteneo de Madrid- _vExposiciones- _y1991-2000 _91923 |
| 610 | 2 | 4 |
_aGrupo Cuadro- _vExposiciones. _9148935 |
| 655 | 7 |
_2tgfbne _9193628 _aCatálogos de exposiciones |
|
| 700 | 1 |
_aGómez Acero, Ana. _9148936 |
|
| 710 | 2 |
_aAteneo de Madrid. _bSala de Santa Catalina. _91964 |
|
| 852 |
_aES-MaACL _j2291-F-18 |
||
| 942 | _2udc | ||
| 999 |
_c179672 _d179672 |
||